000
00257nam a22001217a 4500
003
SGT
082
_a
660,SRI
100
_a
SRIVASTAVA, H.C,
245
_a
ENGINEERING CHEMISTRY
260
_b
PRAGATI EDITION PUB.
_c
2012
300
_a
350
942
_2
ddc
_c
RARE
999
_c
34675
_d
34675